LEADER 01217nam a2200301 4500 001 000000349497 003 CaOOAMICUS 005 20220224142549.0 008 220224s2002 it 000 u ita r 020 $a88-85081-18-5 040 $aSeMil$bita 100 1 $aGarcía Martín, Julio,$c.$0(OLS)http://semarc/name/37993 245 13$aLe norme generali del Codex iuris canonici /$cJulio García Martín. 250 $a4. ed 264 1$aRoma :$bEdiurcla,$c2002. 300 $a737 p. ;$c24 cm 490 1 $aManualia ;$v1 500 $aIn testa al front.: Institutum iuridicum Claretianum 650 4$aCodex iuris canonici <1983>.$0(OLS)http://semarc/subject/45204 830 0$aManualia ;$v1.$0(OLS)http://semarc/title/439066 850 $aSeMil 852 $aSeMil$W1$xVenegono$y1$m2H IV 115$j251680$B240538$CSeMilBibl$Z2$F240538 $81 961 $aPirovano don Diego - Lascito 961 $aVolume con sottolineature e/o annotazioni (a matita) 996 $6020$a88-85081-18-5$9(OLS)http://semarc/number/295318 996 $6245$aLe norme generali del Codex iuris canonici$9(OLS)http://semarc/title/436486 996 $6264$aRoma :$bEdiurcla$9(OLS)http://semarc/publisher/36198 LEADER 00619naa a2200157 i 4500 001 000000319746 003 CaOOAMICUS 005 20230915093200.0 008 180831n it u000 u ita u 013 $a29543 040 $aSeMil$bita 245 10$aAlla ricerca di un'identità. La cronaca di Giovanni da Brera. 650 4$aMonachesimo - Storia.$0(OLS)http://semarc/subject/938 773 0 $tMonastero alle porte della città.$dMilano : Vita e Pensiero, 1999.$z88-343-0196-X$gp.143-164$w()110070 996 $6245$aAlla ricerca di un'identità. La cronaca di Giovanni da Brera$9(OLS)http://semarc/title/393480